=LDR 00000nam 2200000 4500 =001 INLIS000000000001008 =005 20220928042757 =035 ##$$a 0010-1221000231 =245 1#$$a Pengaruh Motivasi Kerja Terhadap Kinerja Karyawan pada PT. Tanjung Sarana Lestari Sulawesi Barat : $b Tugas Akhir /$c Desri Aulyani =100 #$$a DESRI Aulyani =250 ##$$a 2020 =300 ##$$a xi, 33 halaman : $b Tabel, gambar ; $c 20,5x29 cm =856 ##$$a OPAC (Rak TA TIA 2020) =260 ##$$a Makassar :$b Politeknik ATI Makassar - Teknik Industri Agro,$c 2020 =082 ##$$a (R)2020 TA-TIA 818 =084 ##$$a (R)2020 TA-TIA 818 DES p =650 #4$$a Tugas Akhir TIA 2020 =008 220928################|##########|#|## =990 ##$$a 164/TA TIA 2020